01739cam a22002534a 4500020001500000020001800015040000600033082002600039110001600065245006000081260004700141300003100188490003300219520092500252650003001177650001801207650003401225650004601259650002401305650003901329650004001368710001601408856006101424 a0821370766 a9780821370773 ca a330 WOR 2007 A065 Or.2 aWorld Bank.14aThe Little Data Book on Private Sector Development 2007 aWashington, D.C. :bThe World Bank,c2007. a1 online resource (236 p.)1 aWorld Development Indicators3 aThe Little Data Book on Private Sector Development 2007 is one of a series of pocket-sized books intended to provide a quick reference to development data on different topics. The Little Data Book on Private Sector Development 2007 provides data for more than 20 key indicators on business environment and private sector development in a single page for each of the World Bank member countries and other economies with populations of more than 30,000. These more than 200 country pages are supplemented by aggregate data for regional and income groupings. The data topics include: economic and social context; business environment; private sector investment; finance and banking; infrastructure. It is intended as a quick reference for users of World Development Indicators, WDI Online, and the Atlas of Global Development. The book also includes data from the World Bank's Doing Business project and Enterprise Surveys. 4aBanks and Banking Reform. 4aDebt Markets. 4aEconomic Theory and Research. 4aFinance and Financial Sector Development. 4aFinancial Literacy. 4aInvestment and Investment Climate. 4aMacroeconomics and Economic Growth.2 aWorld Bank.40uhttp://elibrary.worldbank.org/content/book/9780821370766